[Event "La Laguna op 4th"]
[Site "La Laguna"]
[Date "2010.04.10"]
[Round "7"]
[White "Mekhitarian, Krikor Sevag"]
[Black "Tatai, Stefano"]
[Result "1-0"]
[WhiteElo "2490"]
[BlackElo "2356"]
[PlyCount "99"]
[EventDate "2010.04.05"]
[EventType "swiss"]
[EventRounds "9"]
[EventCountry "ESP"]
[SourceTitle "CBM 135 Extra"]
[Source "ChessBase"]
[SourceDate "2010.05.04"]
[SourceVersion "1"]
[SourceVersionDate "2010.05.04"]
[SourceQuality "1"]

1. e4 e6 2. d4 d5 3. Nc3 Nf6 4. e5 Nfd7 5. f4 c5 6. Nf3 Nc6 7. Be3 a6 8. Qd2 b5
9. a3 cxd4 10. Nxd4 Nxd4 11. Bxd4 Bc5 12. Rd1 Bb7 13. Be2 Qb6 14. O-O Bxd4+ 15.
Qxd4 O-O 16. Rfe1 Rfc8 17. Qxb6 Nxb6 18. Rd4 Bc6 19. Bd3 Bd7 20. g4 Rab8 21.
Kf2 Na4 22. Nxa4 bxa4 23. Rb1 Bb5 24. Ke3 f6 25. exf6 gxf6 26. f5 exf5 27. gxf5
Re8+ 28. Kd2 Re5 29. Rg1+ Kh8 30. Rb4 Rg8 31. Rxg8+ Kxg8 32. Bxb5 axb5 33. Rxb5
Rxf5 34. b4 axb3 35. cxb3 Rh5 36. a4 Rxh2+ 37. Kd3 h5 38. Rxd5 h4 39. b4 Ra2
40. a5 Kf7 41. Rh5 h3 42. Kc3 Kg6 43. Rh8 Kg7 44. Rh4 f5 45. Kb3 Rh2 46. a6 Rh1
47. b5 f4 48. a7 Ra1 49. b6 f3 50. Rxh3 1-0

[Event "La Laguna op 4th"]
[Site "La Laguna"]
[Date "2010.04.10"]
[Round "8"]
[White "Mekhitarian, Krikor Sevag"]
[Black "Bruzon Batista, Lazaro"]
[Result "1/2-1/2"]
[WhiteElo "2490"]
[BlackElo "2641"]
[PlyCount "24"]
[EventDate "2010.04.05"]
[EventType "swiss"]
[EventRounds "9"]
[EventCountry "ESP"]
[SourceTitle "CBM 135 Extra"]
[Source "ChessBase"]
[SourceDate "2010.05.04"]
[SourceVersion "1"]
[SourceVersionDate "2010.05.04"]
[SourceQuality "1"]

1. e4 e5 2. Nf3 Nc6 3. Bb5 a6 4. Ba4 Nf6 5. O-O Nxe4 6. d4 b5 7. Bb3 d5 8. dxe5
Be6 9. Nbd2 Nc5 10. c3 Nxb3 11. Nxb3 Be7 12. Nbd4 Nxd4 1/2-1/2

[Event "La Laguna op 4th"]
[Site "La Laguna"]
[Date "2010.04.11"]
[Round "9"]
[White "Heberla, Bartlomiej"]
[Black "Mekhitarian, Krikor Sevag"]
[Result "1-0"]
[WhiteElo "2509"]
[BlackElo "2490"]
[PlyCount "155"]
[EventDate "2010.04.05"]
[EventType "swiss"]
[EventRounds "9"]
[EventCountry "ESP"]
[SourceTitle "CBM 135 Extra"]
[Source "ChessBase"]
[SourceDate "2010.05.04"]
[SourceVersion "1"]
[SourceVersionDate "2010.05.04"]
[SourceQuality "1"]

1. Nf3 c5 2. c4 Nc6 3. Nc3 e5 4. e3 Nf6 5. d4 cxd4 6. exd4 e4 7. Ne5 Bb4 8. Be2
Qa5 9. Nxc6 dxc6 10. Bd2 O-O 11. O-O Bxc3 12. Bxc3 Qg5 13. Qc1 Qg6 14. Qf4 Bh3
15. Qg3 Qxg3 16. fxg3 Bg4 17. Bxg4 Nxg4 18. Rae1 f5 19. h3 Nh6 20. Bd2 Rad8 21.
Be3 Rf7 22. g4 fxg4 23. Bxh6 gxh6 24. Rxe4 gxh3 25. gxh3 Rxf1+ 26. Kxf1 Kf7 27.
Kf2 Kf6 28. Kf3 h5 29. Rh4 Rd7 30. b3 a5 31. Rf4+ Ke6 32. Re4+ Kf6 33. Rh4 a4
34. bxa4 Rd8 35. Rf4+ Ke6 36. Re4+ Kf6 37. a5 Rg8 38. Re5 h4 39. a6 b6 40. Re3
Rg7 41. Kf4 Ra7 42. Ra3 Ke6 43. Ke4 Kd6 44. Kf5 h6 45. Kf6 b5 46. cxb5 cxb5 47.
Ra5 Kc7 48. d5 Kd6 49. Kg6 Kxd5 50. Rxb5+ Kc6 51. Rf5 Rd7 52. Rf6+ Kb5 53. Kxh6
Rd4 54. Kg5 Ra4 55. Rh6 Kc5 56. Rxh4 Rxa6 57. a4 Kd5 58. Rb4 Ke6 59. h4 Kf7 60.
Kf5 Ra5+ 61. Ke4 Ke6 62. Rd4 Ra8 63. Kd3 Ke5 64. Kc3 Ke6 65. h5 Kf6 66. h6 Kg6
67. Rh4 Kh7 68. Kb4 Rb8+ 69. Kc5 Ra8 70. Kb6 Re8 71. a5 Re6+ 72. Kc5 Re5+ 73.
Kb4 Re6 74. Rh5 Rf6 75. Kb5 Rf8 76. a6 Kg6 77. Rc5 Kxh6 78. a7 1-0

[Event "Calvi Balagne op 07th"]
[Site "Calvi"]
[Date "2010.04.25"]
[Round "1"]
[White "Mekhitarian, Krikor Sevag"]
[Black "Vincenti, Francois Xavier"]
[Result "1-0"]
[WhiteElo "2490"]
[BlackElo "1844"]
[PlyCount "87"]
[EventDate "2010.04.25"]
[EventType "swiss"]
[EventRounds "9"]
[EventCountry "FRA"]
[SourceTitle "CBM 136 Extra"]
[Source "ChessBase"]
[SourceDate "2010.07.02"]
[SourceVersion "2"]
[SourceVersionDate "2010.07.15"]
[SourceQuality "1"]

1. e4 e6 2. d4 d5 3. Nc3 Nf6 4. e5 Nfd7 5. f4 c5 6. Nf3 Nc6 7. Be3 a6 8. Qd2
Qb6 9. Na4 Qa7 10. dxc5 Nxc5 11. Nxc5 Bxc5 12. Bxc5 Qxc5 13. O-O-O Bd7 14. h4
Rc8 15. Kb1 Ne7 16. g4 Bb5 17. Bh3 Ba4 18. Rh2 Bd7 19. Nd4 Nc6 20. Nxc6 bxc6
21. f5 Qe7 22. Qf4 Rb8 23. c3 Qc5 24. Ka1 Rb7 25. f6 g6 26. h5 Qf8 27. Bf1 Rg8
28. hxg6 hxg6 29. Qa4 Rh8 30. Qxa6 Rc7 31. Rdd2 Bc8 32. Qb6 Kd7 33. g5 Rxh2 34.
Rxh2 Rb7 35. Qe3 c5 36. Rh7 Kc6 37. c4 Qd8 38. Bg2 Qb6 39. Qd2 Rd7 40. cxd5+
exd5 41. Rxf7 c4 42. a3 Qc5 43. Rxd7 Bxd7 44. Qxd5+ 1-0

[Event "Calvi Balagne op 07th"]
[Site "Calvi"]
[Date "2010.04.26"]
[Round "2"]
[White "Ralle, Pierre"]
[Black "Mekhitarian, Krikor Sevag"]
[Result "0-1"]
[WhiteElo "2090"]
[BlackElo "2490"]
[PlyCount "88"]
[EventDate "2010.04.25"]
[EventType "swiss"]
[EventRounds "9"]
[EventCountry "FRA"]
[SourceTitle "CBM 136 Extra"]
[Source "ChessBase"]
[SourceDate "2010.07.02"]
[SourceVersion "2"]
[SourceVersionDate "2010.07.15"]
[SourceQuality "1"]

1. Nf3 c5 2. c3 g6 3. d4 Bg7 4. e3 Nf6 5. Bd3 O-O 6. O-O d5 7. Nbd2 Qc7 8. Re1
Rd8 9. Qe2 Nbd7 10. b3 e5 11. dxe5 Nxe5 12. Nxe5 Qxe5 13. Bb2 Ne4 14. Nf3 Qe7
15. Qc2 Nd6 16. Ba3 b6 17. Rad1 Bb7 18. Nd2 Re8 19. Be2 Rad8 20. Bf3 Rd7 21.
Bb2 Red8 22. a4 f5 23. Be2 Qf6 24. Ba1 Qe5 25. Bf1 Nf7 26. Nf3 Qe7 27. Be2 Bf6
28. Rd2 Nd6 29. Rdd1 Ne4 30. Nd2 Ng5 31. Nf3 Ne6 32. Rd2 Kg7 33. Red1 f4 34.
Bb5 fxe3 35. Bxd7 exd2 36. Bb5 d4 37. Rxd2 Bxf3 38. gxf3 Ng5 39. Kg2 Qe6 40.
Kf1 Qh3+ 41. Ke2 Qxf3+ 42. Ke1 Qh1+ 43. Bf1 Re8+ 44. Re2 Nf3+ 0-1

[Event "Calvi Balagne op 07th"]
[Site "Calvi"]
[Date "2010.04.26"]
[Round "3"]
[White "Mekhitarian, Krikor Sevag"]
[Black "Vianin, Pascal"]
[Result "1-0"]
[WhiteElo "2490"]
[BlackElo "2218"]
[PlyCount "111"]
[EventDate "2010.04.25"]
[EventType "swiss"]
[EventRounds "9"]
[EventCountry "FRA"]
[SourceTitle "CBM 136 Extra"]
[Source "ChessBase"]
[SourceDate "2010.07.02"]
[SourceVersion "2"]
[SourceVersionDate "2010.07.15"]
[SourceQuality "1"]

1. e4 e5 2. Nf3 Nc6 3. Bb5 f5 4. Bxc6 dxc6 5. Nc3 Nf6 6. Qe2 Bd6 7. d3 O-O 8.
exf5 Bxf5 9. Ng5 Qe7 10. Bd2 h6 11. Nge4 Nxe4 12. dxe4 Be6 13. O-O Qf7 14. b3
Qg6 15. Nd1 Bc5 16. Kh1 Rad8 17. f3 Bd4 18. Rb1 Rd7 19. Be3 Rfd8 20. Nf2 Bxe3
21. Qxe3 b6 22. Rbd1 Qe8 23. Qc3 Rd4 24. Rxd4 exd4 25. Qd2 c5 26. f4 c4 27. f5
Bf7 28. Qf4 d3 29. cxd3 cxd3 30. Rd1 Qc6 31. Qd2 Rd4 32. h3 Qd6 33. Re1 Qc6 34.
Rc1 Qd6 35. Rc3 Qb4 36. Nxd3 c5 37. Nxb4 Rxd2 38. Nd3 Rxa2 39. e5 Bxb3 40. Rxb3
c4 41. Rc3 cxd3 42. Rxd3 Re2 43. e6 g6 44. g4 gxf5 45. gxf5 Re5 46. Kg2 Kf8 47.
Rd8+ Ke7 48. Rd7+ Ke8 49. Rf7 a5 50. Kf3 a4 51. Kf4 Re1 52. Rb7 a3 53. Ra7 Rf1+
54. Ke5 Kd8 55. Rxa3 Kc7 56. f6 1-0

[Event "Calvi Balagne op 07th"]
[Site "Calvi"]
[Date "2010.04.27"]
[Round "4"]
[White "Mekhitarian, Krikor Sevag"]
[Black "Mirzoev, Azer"]
[Result "1/2-1/2"]
[WhiteElo "2490"]
[BlackElo "2565"]
[PlyCount "154"]
[EventDate "2010.04.25"]
[EventType "swiss"]
[EventRounds "9"]
[EventCountry "FRA"]
[SourceTitle "CBM 136 Extra"]
[Source "ChessBase"]
[SourceDate "2010.07.02"]
[SourceVersion "2"]
[SourceVersionDate "2010.07.15"]
[SourceQuality "1"]

1. e4 e5 2. Nf3 Nf6 3. Nxe5 d6 4. Nf3 Nxe4 5. d4 Be7 6. Bd3 Ng5 7. O-O Nxf3+ 8.
Qxf3 Nc6 9. c3 O-O 10. Nd2 Bg5 11. Re1 Bd7 12. Re2 Re8 13. Ne4 Bxc1 14. Rxc1 f5
15. Ng3 Rxe2 16. Nxe2 Qg5 17. Nf4 Re8 18. g3 Kh8 19. h4 Qh6 20. Rd1 Qf6 21. Nd5
Qd8 22. Qh5 Rf8 23. Re1 Be8 24. Qg5 Bf7 25. Qxd8 Rxd8 26. Nxc7 g6 27. f4 Bxa2
28. d5 Rc8 29. dxc6 Rxc7 30. Ra1 Bd5 31. cxb7 Rxb7 32. b4 Rc7 33. Ra3 Kg7 34.
Kf2 Kf6 35. Ke3 Be6 36. Kd4 Bc8 37. Ra5 h5 38. Bc4 Be6 39. Bxe6 Kxe6 40. c4 Rb7
41. Ra4 a6 42. Kc3 Rb6 43. c5 dxc5 44. bxc5 Rc6 45. Kc4 Kd7 46. Kd5 Kc7 47. Ra3
Kd7 48. Ra2 Rf6 49. Re2 a5 50. Kc4 a4 51. Ra2 Re6 52. Rxa4 Re3 53. Ra7+ Kc8 54.
Kd5 Rxg3 55. Kc6 Kd8 56. Kd6 Rd3+ 57. Ke5 Rc3 58. Kf6 Rg3 59. c6 Rg4 60. Ke5
Rg1 61. Rg7 Kc8 62. Kf6 Rg4 63. Ke5 Rg1 64. Ra7 Rg2 65. Rf7 Rg1 66. Rg7 Rg2 67.
Kf6 Rg4 68. Rxg6 Rxf4 69. Kg5 Rg4+ 70. Kxh5 Rxg6 71. Kxg6 f4 72. h5 f3 73. h6
f2 74. h7 f1=Q 75. h8=Q+ Kc7 76. Qf6 Qxf6+ 77. Kxf6 Kxc6 1/2-1/2

[Event "Calvi Balagne op 07th"]
[Site "Calvi"]
[Date "2010.04.28"]
[Round "5"]
[White "Abbasov, Farid"]
[Black "Mekhitarian, Krikor Sevag"]
[Result "1/2-1/2"]
[WhiteElo "2549"]
[BlackElo "2490"]
[PlyCount "114"]
[EventDate "2010.04.25"]
[EventType "swiss"]
[EventRounds "9"]
[EventCountry "FRA"]
[SourceTitle "CBM 136 Extra"]
[Source "ChessBase"]
[SourceDate "2010.07.02"]
[SourceVersion "2"]
[SourceVersionDate "2010.07.15"]
[SourceQuality "1"]

1. Nf3 c5 2. c4 Nc6 3. Nc3 e5 4. g3 g6 5. Bg2 Bg7 6. d3 d6 7. Nd2 Nge7 8. Nf1
O-O 9. Ne3 Rb8 10. Rb1 a6 11. O-O b5 12. b3 Be6 13. h3 Qd7 14. Kh2 f5 15. Ned5
b4 16. Nxe7+ Nxe7 17. Nd5 f4 18. e3 g5 19. Bb2 Nxd5 20. cxd5 Bf5 21. e4 Bg6 22.
Bf3 Rb7 23. Bg4 Qe8 24. gxf4 gxf4 25. Rg1 Kh8 26. Ra1 Rb6 27. Rg2 Bh6 28. Bc1
Qe7 29. Bh5 Qf7 30. Bf3 Qe7 31. Bh5 Qf7 32. Bf3 Qe7 33. Bd2 Rfb8 34. Qc2 Bg5
35. Rag1 Bf6 36. Qd1 Rg8 37. Bh5 Qf7 38. Bg4 Rg7 39. Be6 Qe7 40. Qc1 Rb8 41.
Qc4 Be8 42. Qc2 Bb5 43. Bc1 Rxg2+ 44. Rxg2 Bd7 45. Bxd7 Qxd7 46. Qe2 a5 47. Qh5
Rg8 48. Rxg8+ Kxg8 49. Qg4+ Qxg4 50. hxg4 Kf7 51. Kh3 Bg5 52. f3 Ke8 53. a4 Kd7
54. Bd2 Ke7 55. Be1 Kd7 56. Bd2 Ke7 57. Be1 Kd7 1/2-1/2

[Event "Calvi Balagne op 07th"]
[Site "Calvi"]
[Date "2010.04.28"]
[Round "6"]
[White "Schnelzer, Reinhold"]
[Black "Mekhitarian, Krikor Sevag"]
[Result "0-1"]
[WhiteElo "2260"]
[BlackElo "2490"]
[PlyCount "56"]
[EventDate "2010.04.25"]
[EventType "swiss"]
[EventRounds "9"]
[EventCountry "FRA"]
[SourceTitle "CBM 136 Extra"]
[Source "ChessBase"]
[SourceDate "2010.07.02"]
[SourceVersion "2"]
[SourceVersionDate "2010.07.15"]
[SourceQuality "1"]

1. Nf3 Nf6 2. c4 e6 3. g3 d5 4. d4 Bb4+ 5. Bd2 Be7 6. Bg2 O-O 7. Qc2 c6 8. O-O
b6 9. Bf4 Ba6 10. Nbd2 Nbd7 11. Rfd1 Nh5 12. Ne5 Nxf4 13. gxf4 Nxe5 14. fxe5
Rc8 15. e3 f6 16. exf6 Rxf6 17. cxd5 exd5 18. f4 c5 19. Qb3 cxd4 20. Qxd5+ Qxd5
21. Bxd5+ Kf8 22. e4 Rxf4 23. Rac1 Rxc1 24. Rxc1 Bg5 25. Rd1 Be2 26. Re1 d3 27.
Nf1 Bh4 28. Rc1 Rg4+ 0-1

[Event "Calvi Balagne op 07th"]
[Site "Calvi"]
[Date "2010.04.29"]
[Round "7"]
[White "Mekhitarian, Krikor Sevag"]
[Black "Shishkin, Vadim"]
[Result "1-0"]
[WhiteElo "2490"]
[BlackElo "2516"]
[PlyCount "103"]
[EventDate "2010.04.25"]
[EventType "swiss"]
[EventRounds "9"]
[EventCountry "FRA"]
[SourceTitle "CBM 136 Extra"]
[Source "ChessBase"]
[SourceDate "2010.07.02"]
[SourceVersion "2"]
[SourceVersionDate "2010.07.15"]
[SourceQuality "1"]

1. e4 c5 2. Nf3 Nc6 3. d4 cxd4 4. Nxd4 Nf6 5. Nc3 d6 6. Bg5 e6 7. Qd2 Qb6 8.
Nb3 Be7 9. Bxf6 gxf6 10. a4 O-O 11. a5 Qc7 12. Be2 Bd7 13. O-O Nb4 14. Rfc1
Rfd8 15. Nd4 Nc6 16. Ndb5 Qb8 17. a6 bxa6 18. Rxa6 Nb4 19. Ra5 Nc6 20. Ra6 Nb4
21. Ra5 Nc6 22. Raa1 a6 23. Nd4 Qb6 24. Nxc6 Bxc6 25. Ra2 Kh8 26. Bd3 Rg8 27.
Rca1 Bb7 28. g3 Qc6 29. Qe2 Qb6 30. Qh5 Rg7 31. Qa5 Qc6 32. Qa4 Qc7 33. Qd4 a5
34. Qc4 Qxc4 35. Bxc4 Bd8 36. Bd3 Rb8 37. Nd1 d5 38. exd5 Bxd5 39. b3 e5 40.
Ne3 Be6 41. Bc4 Rc8 42. Rd1 Rg8 43. Rd6 Re8 44. Bxe6 Rxe6 45. Rd7 Kg8 46. Ra4
Kf8 47. Rh4 Ke8 48. Rd5 f5 49. Rxh7 Bf6 50. Nxf5 Kf8 51. Rxa5 e4 52. Ra7 1-0

[Event "Calvi Balagne op 07th"]
[Site "Calvi"]
[Date "2010.05.01"]
[Round "9"]
[White "Bruno, Fabio"]
[Black "Mekhitarian, Krikor Sevag"]
[Result "1/2-1/2"]
[WhiteElo "2470"]
[BlackElo "2490"]
[PlyCount "58"]
[EventDate "2010.04.25"]
[EventType "swiss"]
[EventRounds "9"]
[EventCountry "FRA"]
[SourceTitle "CBM 136 Extra"]
[Source "ChessBase"]
[SourceDate "2010.07.02"]
[SourceVersion "2"]
[SourceVersionDate "2010.07.15"]
[SourceQuality "1"]

1. d4 Nf6 2. Nf3 g6 3. Bg5 Bg7 4. e3 O-O 5. Be2 d5 6. O-O Nbd7 7. c4 dxc4 8.
Bxc4 c5 9. Nc3 cxd4 10. exd4 Nb6 11. Bb3 Nbd5 12. Re1 Be6 13. Qd2 Nxc3 14. bxc3
Bd5 15. Bxd5 Qxd5 16. Qd3 e6 17. c4 Qd6 18. Rad1 Rac8 19. Qb3 b6 20. d5 exd5
21. cxd5 Rfe8 22. Rxe8+ Rxe8 23. g3 Rd8 24. Bf4 Qc5 25. d6 Ne4 26. Be3 Qf5 27.
Bf4 Qc5 28. Be3 Qf5 29. Bf4 Qc5 1/2-1/2

[Event "Fortaleza op"]
[Site "Fortaleza"]
[Date "2010.06.04"]
[Round "2"]
[White "Moyses Jr, Zich"]
[Black "Mekhitarian, Krikor Sevag"]
[Result "0-1"]
[WhiteElo "2011"]
[BlackElo "2499"]
[PlyCount "99"]
[EventDate "2010.06.03"]
[EventType "swiss"]
[EventRounds "7"]
[EventCountry "BRA"]
[SourceTitle "CBM 136 Extra"]
[Source "ChessBase"]
[SourceDate "2010.07.02"]
[SourceVersion "2"]
[SourceVersionDate "2010.07.15"]
[SourceQuality "1"]

1. e4 c5 2. Nf3 d6 3. d4 cxd4 4. Nxd4 Nf6 5. Nc3 e6 6. Be3 a6 7. f3 b5 8. Qd2
Nbd7 9. Bd3 Qc7 10. O-O-O b4 11. Nce2 d5 12. Ng3 Bb7 13. Kb1 dxe4 14. Nxe4 Nxe4
15. Bxe4 Bxe4 16. fxe4 Nf6 17. Qe2 Qb7 18. e5 Nd5 19. Bc1 Rd8 20. Qc4 Be7 21.
Qc6+ Rd7 22. Qxb7 Rxb7 23. Nb3 O-O 24. Rd3 Rc8 25. Rhd1 Bd8 26. Rf3 Bb6 27. Bf4
Rbc7 28. Bg3 Ne3 29. Rc1 Nxc2 30. Bf2 Bxf2 31. Rxf2 Ne3 32. Re1 Nd5 33. Nd4 Rc4
34. Nb3 h6 35. Na5 Rf4 36. Ref1 g5 37. g3 Rxf2 38. Rxf2 Rc7 39. Nb3 Rc4 40. Nd2
Rd4 41. Kc2 Ne3+ 42. Kb3 Ng4 43. Re2 Nxe5 44. Rxe5 Rxd2 45. Ra5 Rxh2 46. Rxa6
Rg2 47. Rb6 h5 48. Rxb4 Rxg3+ 49. Kc2 h4 50. a4 0-1

[Event "Fortaleza op"]
[Site "Fortaleza"]
[Date "2010.06.04"]
[Round "3"]
[White "Mekhitarian, Krikor Sevag"]
[Black "Macedo, Maximo Valerio"]
[Result "1-0"]
[WhiteElo "2499"]
[BlackElo "2108"]
[PlyCount "120"]
[EventDate "2010.06.03"]
[EventType "swiss"]
[EventRounds "7"]
[EventCountry "BRA"]
[SourceTitle "CBM 136 Extra"]
[Source "ChessBase"]
[SourceDate "2010.07.02"]
[SourceVersion "2"]
[SourceVersionDate "2010.07.15"]
[SourceQuality "1"]

1. e4 c5 2. Nf3 d6 3. d4 cxd4 4. Nxd4 Nf6 5. Nc3 a6 6. Be3 e5 7. Nb3 Be6 8. Qd2
Nbd7 9. O-O-O Be7 10. f3 Qc7 11. g4 h6 12. h4 b5 13. Qf2 b4 14. Nd5 Bxd5 15.
exd5 a5 16. Bb5 a4 17. Na1 a3 18. Nb3 axb2+ 19. Kxb2 O-O 20. g5 Nh5 21. Qd2
Rfc8 22. Rh2 Nb6 23. Qxb4 Nc4+ 24. Bxc4 Qxc4 25. Qxc4 Rxc4 26. Rd3 Raa4 27.
gxh6 g6 28. Nd2 Rxh4 29. Rxh4 Rxh4 30. Kb3 Nf4 31. Bxf4 exf4 32. a4 Rxh6 33. a5
Kg7 34. a6 Rh8 35. Kc4 f5 36. a7 Ra8 37. Ra3 Bf6 38. c3 g5 39. Kd3 g4 40. fxg4
fxg4 41. Ra4 Be5 42. Nc4 g3 43. Nd2 Kg6 44. Nf3 Kf5 45. c4 Bf6 46. Ra3 Bd8 47.
Ra6 Bc7 48. Nd4+ Kg4 49. Ke2 Re8+ 50. Kf1 Ra8 51. Kg2 Bb6 52. Rxb6 Rxa7 53. Rb2
Ra3 54. Rb3 Ra2+ 55. Kf1 Rd2 56. Nf3 Rc2 57. Ne1 Rxc4 58. Rb8 Rd4 59. Rg8+ Kf5
60. Ng2 Rxd5 1-0

[Event "Fortaleza op"]
[Site "Fortaleza"]
[Date "2010.06.05"]
[Round "4"]
[White "Pereira, Silvio Cunha"]
[Black "Mekhitarian, Krikor Sevag"]
[Result "0-1"]
[WhiteElo "2280"]
[BlackElo "2499"]
[PlyCount "82"]
[EventDate "2010.06.03"]
[EventType "swiss"]
[EventRounds "7"]
[EventCountry "BRA"]
[SourceTitle "CBM 136 Extra"]
[Source "ChessBase"]
[SourceDate "2010.07.02"]
[SourceVersion "2"]
[SourceVersionDate "2010.07.15"]
[SourceQuality "1"]

1. e4 c5 2. Nf3 e6 3. d4 cxd4 4. Nxd4 Nf6 5. Nc3 d6 6. Be3 a6 7. Be2 Be7 8. f4
O-O 9. O-O Qc7 10. Qe1 b5 11. Bf3 Bb7 12. e5 dxe5 13. fxe5 Nfd7 14. Qg3 Kh8 15.
Kh1 b4 16. Nce2 Nc6 17. Nf4 Nxd4 18. Bxd4 Bxf3 19. Qxf3 Rac8 20. Nd3 Qc6 21. c3
Qxf3 22. Rxf3 bxc3 23. Bxc3 Nb6 24. Raf1 Kg8 25. Bb4 Bxb4 26. Nxb4 a5 27. Nd3
Rfd8 28. h3 h6 29. b4 Nc4 30. Re1 Nd2 31. Rfe3 Rc3 32. bxa5 Nc4 33. Re4 Rdxd3
34. a6 Rc2 35. Rb1 Ra3 36. Rb8+ Kh7 37. Rb7 Nd2 38. Re1 Rxa6 39. Rxf7 Raxa2 40.
Rd1 Ne4 41. Rd4 Ng3+ 0-1

[Event "Fortaleza op"]
[Site "Fortaleza"]
[Date "2010.06.06"]
[Round "6"]
[White "Leitao, Rafael Duailibe"]
[Black "Mekhitarian, Krikor Sevag"]
[Result "1-0"]
[WhiteElo "2628"]
[BlackElo "2499"]
[PlyCount "79"]
[EventDate "2010.06.03"]
[EventType "swiss"]
[EventRounds "7"]
[EventCountry "BRA"]
[SourceTitle "CBM 136 Extra"]
[Source "ChessBase"]
[SourceDate "2010.07.02"]
[SourceVersion "2"]
[SourceVersionDate "2010.07.15"]
[SourceQuality "1"]

1. d4 Nf6 2. c4 g6 3. Nf3 Bg7 4. g3 d5 5. cxd5 Nxd5 6. Bg2 Nb6 7. Nc3 Nc6 8. e3
O-O 9. O-O Re8 10. Re1 Bd7 11. Qe2 Qc8 12. b3 Bg4 13. Bb2 Qf5 14. Nb5 Rac8 15.
h3 Bxh3 16. e4 Qh5 17. Bxh3 Qxh3 18. d5 Bxb2 19. Qxb2 a6 20. dxc6 axb5 21. cxb7
Rb8 22. Qe5 Rxb7 23. Qxb5 Qd7 24. Qc5 Qd6 25. Qe3 e5 26. Rac1 Rd8 27. Rc5 f6
28. Rec1 Qe7 29. a4 Nc8 30. a5 Rd7 31. Qc3 Qe6 32. Rc6 Nd6 33. a6 Rxb3 34. a7
Rd8 35. Qa5 Rxf3 36. Qxc7 Rf8 37. Qxd6 Qa2 38. Qe6+ Qxe6 39. Rxe6 Ra3 40. Rc7
1-0

[Event "Fortaleza op"]
[Site "Fortaleza"]
[Date "2010.06.06"]
[Round "7"]
[White "Mekhitarian, Krikor Sevag"]
[Black "Nunes, Marcelo Basilio"]
[Result "1-0"]
[WhiteElo "2499"]
[BlackElo "2013"]
[PlyCount "27"]
[EventDate "2010.06.03"]
[EventType "swiss"]
[EventRounds "7"]
[EventCountry "BRA"]
[SourceTitle "CBM 136 Extra"]
[Source "ChessBase"]
[SourceDate "2010.07.02"]
[SourceVersion "2"]
[SourceVersionDate "2010.07.15"]
[SourceQuality "1"]

1. e4 d6 2. d4 g6 3. Nc3 c6 4. Be3 b5 5. Bd3 Bg7 6. Nf3 Nd7 7. O-O a6 8. a4 Bb7
9. Re1 Nb6 10. e5 d5 11. e6 fxe6 12. Ng5 Bc8 13. Nxh7 Qd6 14. Qg4 1-0

[Event "Eforie Nord op 2nd"]
[Site "Eforie Nord"]
[Date "2010.06.18"]
[Round "1"]
[White "Mekhitarian, Krikor Sevag"]
[Black "Anusca, Madalina Maria"]
[Result "1-0"]
[WhiteElo "2499"]
[BlackElo "2025"]
[PlyCount "61"]
[EventDate "2010.06.18"]
[EventType "swiss"]
[EventRounds "11"]
[EventCountry "ROU"]
[SourceTitle "CBM 137 Extra"]
[Source "ChessBase"]
[SourceDate "2010.09.01"]
[SourceVersion "1"]
[SourceVersionDate "2010.09.01"]
[SourceQuality "1"]

1. e4 c5 2. Nf3 Nc6 3. d4 cxd4 4. Nxd4 g6 5. Nc3 Bg7 6. Be3 Nf6 7. Bc4 O-O 8.
Bb3 Qa5 9. O-O d6 10. h3 Bd7 11. Re1 Rac8 12. Nd5 Rfe8 13. Nxf6+ Bxf6 14. c3
Ne5 15. Qe2 b5 16. Rad1 Nc4 17. Bc1 Qc7 18. f4 a6 19. a3 Red8 20. Kh1 Be8 21.
Nf3 Bg7 22. f5 Qc5 23. Rf1 h6 24. Nd4 Bd7 25. Qf2 g5 26. h4 f6 27. Ba2 Kh7 28.
Qe2 Qe5 29. Nf3 Qg3 30. Rd3 g4 31. Ng5+ 1-0

[Event "Eforie Nord op 2nd"]
[Site "Eforie Nord"]
[Date "2010.06.19"]
[Round "2"]
[White "Bulmaga, Irina"]
[Black "Mekhitarian, Krikor Sevag"]
[Result "0-1"]
[WhiteElo "2254"]
[BlackElo "2499"]
[PlyCount "80"]
[EventDate "2010.06.18"]
[EventType "swiss"]
[EventRounds "11"]
[EventCountry "ROU"]
[SourceTitle "CBM 137 Extra"]
[Source "ChessBase"]
[SourceDate "2010.09.01"]
[SourceVersion "1"]
[SourceVersionDate "2010.09.01"]
[SourceQuality "1"]

1. e4 c5 2. c3 d5 3. exd5 Qxd5 4. d4 g6 5. Nf3 Bg7 6. Bb5+ Bd7 7. Be2 cxd4 8.
cxd4 Nf6 9. Nc3 Qa5 10. O-O O-O 11. Ne5 Be6 12. Bf3 Nd5 13. Bd2 Qd8 14. Ne4 Nc6
15. Nxc6 bxc6 16. Rc1 Qb6 17. Qa4 Qxd4 18. Qxd4 Bxd4 19. Rxc6 Rac8 20. Rfc1
Bxb2 21. Rxc8 Rxc8 22. Rxc8+ Bxc8 23. Nc5 Ba3 24. Nb3 Nb6 25. Nd4 Bc5 26. Nc6
Nc4 27. Bf4 Bd7 28. Bb8 Nd2 29. Bd5 e6 30. Ne5 Bb5 31. Bb7 a5 32. a4 Bxa4 33.
Bc7 Bb4 34. Nd3 Bc3 35. Nc1 Nb3 36. Na2 Bd2 37. Bb6 Bb5 38. Be4 Bc4 39. Bc6 e5
40. Be3 Bxe3 0-1

[Event "Eforie Nord op 2nd"]
[Site "Eforie Nord"]
[Date "2010.06.20"]
[Round "3"]
[White "Mekhitarian, Krikor Sevag"]
[Black "Thorfinnsson, Bjorn"]
[Result "1/2-1/2"]
[WhiteElo "2499"]
[BlackElo "2390"]
[PlyCount "114"]
[EventDate "2010.06.18"]
[EventType "swiss"]
[EventRounds "11"]
[EventCountry "ROU"]
[SourceTitle "CBM 137 Extra"]
[Source "ChessBase"]
[SourceDate "2010.09.01"]
[SourceVersion "1"]
[SourceVersionDate "2010.09.01"]
[SourceQuality "1"]

1. d4 Nf6 2. c4 e6 3. g3 c5 4. Nf3 cxd4 5. Nxd4 Nc6 6. Bg2 Bc5 7. Nb3 Bb4+ 8.
Nc3 d5 9. O-O dxc4 10. Nd2 O-O 11. Nxc4 Qe7 12. Bg5 h6 13. Bxf6 Qxf6 14. Ne4
Qd4 15. Qxd4 Nxd4 16. Rfd1 Nf5 17. Rac1 Rb8 18. Ne5 f6 19. Ng6 Re8 20. a3 Bf8
21. Rc7 e5 22. e3 Ne7 23. Nd6 Nxg6 24. Nxe8 Be6 25. Nd6 Rd8 26. Rxb7 Bxd6 27.
Rxa7 Kf8 28. b4 f5 29. Ra6 Ke7 30. Bd5 e4 31. Bxe6 Kxe6 32. b5 Ne5 33. Rc1 g5
34. Kg2 h5 35. h3 h4 36. gxh4 gxh4 37. Kf1 Kd5 38. b6 Nd3 39. Rb1 Rb8 40. Ra5+
Nc5 41. Ra7 Nd3 42. a4 Bc5 43. a5 f4 44. exf4 Rf8 45. Rg7 Rxf4 46. Rg5+ Kc6 47.
Kg1 Rf8 48. a6 Bxf2+ 49. Kh1 e3 50. Rg6+ Kd5 51. a7 e2 52. Rf6 Rg8 53. Rg6 Re8
54. Kg2 Bxb6 55. Rgxb6 e1=Q 56. Rxe1 Nxe1+ 57. Kf1 Ra8 1/2-1/2